| 000 | 00473nam a2200169 4500 | ||
|---|---|---|---|
| 001 | 112981 | ||
| 003 | ES-MaACL | ||
| 005 | 20230906185721.0 | ||
| 007 | t| | ||
| 008 | 061121s1969 sp r ||||1| spa d | ||
| 245 | 0 | 1 |
_a¿Nuevo profetismo? _b: corriente y grupos proféticos. |
| 250 | _a2ª ed. | ||
| 260 |
_aMadrid : _bAcción Católica, _c1969. |
||
| 300 |
_a180 p. ; _c19 cm. |
||
| 710 | 2 |
_aAcción Católica Española. _91243 |
|
| 852 |
_aES-MaACL _jC-35896 _bR.69316 |
||
| 999 |
_c112981 _d112981 |
||